|
|
|
|
| LEADER |
00000nam a2200000 a 4500 |
| 001 |
UCN8298 |
| 003 |
CL-VaPUC |
| 008 |
011109e19520000AG |||||||||||||||||spa|d |
| 082 |
0 |
4 |
|a 735.23
|b PRO
|2 21
|
| 100 |
0 |
|
|a Pró, Diego F
|e author
|9 333642
|
| 245 |
1 |
0 |
|a Lorenzo Domínguez
|
| 300 |
|
|
|a 171 p
|
| 942 |
|
|
|c BK
|
| 945 |
|
|
|d 20011109 00:00:00
|a cmena
|
| 260 |
|
|
|a San Miguel de Tucumán
|b López
|c 1952
|
| 650 |
|
7 |
|a ESCULTORES - SIGLO 20
|2 CL-VaPUC
|9 464634
|
| 650 |
|
7 |
|a ESCULTORES CHILENOS
|2 CL-VaPUC
|9 464635
|
| 583 |
|
|
|a last modification
|c 20011109 00:00:00
|k Rodrigo Vera
|
| 999 |
|
|
|c 298313
|d 298311
|
| 952 |
|
|
|0 0
|1 0
|4 0
|6 735_230000000000000_PRO_1952
|7 0
|8 P
|9 353822
|a BIBEDU
|b BIBEDU
|c BIBEDU_PB
|d 2019-11-21
|i 3762343
|o 735.23 PRO 1952
|p 3762343
|r 2024-01-25
|w 2019-11-21
|y BK
|k FIL
|